Père Fils Football - Statistiques

Statistiques générales
  • Ce quiz a été pris 132 fois
  • Le résultat moyen est 7 sur 13
Statistiques - réponses
Père Fils % Correct
Lilian Thuram Marcus/Kephren Thuram
92%
Alf-Inge Håland Erling Haaland
79%
Jorge Higuaín Gonzalo Higuaín
71%
Peter Schmeichel Kasper Schmeichel
69%
George Weah Timothy Weah
62%
Mike Origi Divock Origi
60%
Abedi Pelé André/Jordan Ayew
57%
Patrick Kluivert Justin Kluivert
57%
Zinédine Zidane Lucas Zidane
54%
Diego Simeone Giovanni Simeone
25%
Paolo Maldini Daniel Maldini
21%
Gheorghe Hagi Ianis Hagi
11%
Mazinho Thiago Alcântara
9%
Aucun quiz correspondant
Distribution des résultats
% des personnes avec chaque résultat
Percentile par nombre de réponses
Votre historique - résultats
Vous n’avez pas pris ce quiz